Every Song by the Turtles - Statistics

General Stats
  • This quiz has been taken 3 times
  • The average score is 12 of 80
Answer Stats
Album Song % Correct
Happy Together(1967) Happy Together
100%
The Turtles Present the Battle of the Bands(1968) Elenore
67%
Happy Together(1967) She'd Rather Be with Me
67%
More Golden Hits(1970) She's My Girl
67%
The Turtles Present the Battle of the Bands(1968) The Battle of the Bands
67%
The Turtles Present the Battle of the Bands(1968) Buzzsaw
33%
The Turtles Present the Battle of the Bands(1968) Chicken Little Was Right
33%
Golden Hits(1967) Is It Any Wonder
33%
The Turtles Present the Battle of the Bands(1968) Earth Anthem
33%
The Turtles Present the Battle of the Bands(1968) Food
33%
It Ain't Me Babe(1965) Let Me Be
33%
Happy Together(1967) Like the Seasons
33%
Turtle Soup(1969) Love in the City
33%
Happy Together(1967) Makin' My Mind Up
33%
Happy Together(1967) Me About You
33%
The Turtles Present the Battle of the Bands(1968) Oh, Daddy!
33%
Happy Together(1967) Person Without a Care
33%
Happy Together(1967) Rugs of Woods and Flowers
33%
More Golden Hits(1970) Sound Asleep
33%
More Golden Hits(1970) Story of Rock & Roll
33%
The Turtles Present the Battle of the Bands(1968) Surfer Dan
33%
The Turtles Present the Battle of the Bands(1968) The Last Thing I Remember
33%
Happy Together(1967) The Walking Song
33%
Happy Together(1967) Think I'll Run Away
33%
The Turtles Present the Battle of the Bands(1968) Too Much Heartsick Feeling
33%
Happy Together(1967) Too Young to Be One
33%
You Baby(1966) You Baby
33%
Turtle Soup(1969) You Don't Have to Walk in the Rain
33%
Golden Hits(1967) You Know What I Mean
33%
You Baby(1966) All My Problems
0%
You Baby(1966) Almost There
0%
It Ain't Me Babe(1965) A Walk in the Sun
0%
Turtle Soup(1969) Bachelor Mother
0%
Golden Hits(1967) Can I Get To Know You Better
0%
Turtle Soup(Bonus)(1993) Can I Go On
0%
The Turtles Present the Battle of the Bands(Bonus)(1994) Can You Hear The Cows
0%
Wooden Head(1970) Come Back
0%
Turtle Soup(1969) Come Over
0%
Turtle Soup(1969) Dance This Dance
0%
More Golden Hits(1970) Cat in the Window
0%
It Ain't Me Babe(1965) Eve of Destruction
0%
You Baby(1966) Flyin' High
0%
Wooden Head(1970) Get Away
0%
You Baby(1966) Give Love a Trial
0%
The Turtles Present the Battle of the Bands(Bonus)(1994) Goodbye Surprise
0%
Golden Hits(1967) Grim Reaper of Love
0%
Turtle Soup(1969) Hot Little Hands
0%
You Baby(1966) House of Pain
0%
Turtle Soup(1969) House on the Hill
0%
Turtle Soup(1969) How You Love Me
0%
Wooden Head(1970) I Can't Stop
0%
Turtle Soup(Bonus)(1993) If We Only Had the Time
0%
Wooden Head(1970) I Get Out of Breath
0%
You Baby(1966) I Know That You'll Be There
0%
The Turtles Present the Battle of the Bands(1968) I'm Chief Kamanawanalea (We're the Royal Macadamia Nuts)
0%
You Baby(1966) I Need Someone
0%
Turtle Soup(1969) John and Julie
0%
You Baby(1966) Just a Room
0%
It Ain't Me Babe(1965) Last Laugh
0%
It Ain't Me Babe(1965) Let the Cold Winds Blow
0%
The Turtles Present the Battle of the Bands(Bonus)(1994) Like It or Not
0%
The Turtles Present the Battle of the Bands(Bonus)(1994) Marmendy Mill
0%
Wooden Head(1970) On a Summer's Day
0%
Golden Hits(1967) Outside Chance
0%
You Baby(1966) Pall Bearing, Ball Bearing World
0%
Wooden Head(1970) Say Girl
0%
Turtle Soup(1969) She Always Leaves Me Laughing
0%
Wooden Head(1970) She'll Come Back
0%
Turtle Soup(1969) Somewhere Friday Night
0%
The Turtles Present the Battle of the Bands(Bonus)(1994) Strange Girl
0%
Turtle Soup(Bonus)(1993) The Owl
0%
The Turtles Present the Battle of the Bands(Bonus)(1994) There You Sit Lonely
0%
Turtle Soup(1969) Torn Between Temptations
0%
Turtle Soup(Bonus)(1993) To See the Sun
0%
The Turtles Present the Battle of the Bands(Bonus)(1994) Umbassa and the Dragon
0%
It Ain't Me Babe(1965) Wanderin' Kind
0%
More Golden Hits(1970) We Ain't Gonna Party No More
0%
More Golden Hits(1970) Who Would Ever Think that I Would Marry Margaret
0%
It Ain't Me Babe(1965) Your Maw Said You Cried
0%
The Turtles Present the Battle of the Bands(Bonus)(1994) You Want to Be a Woman
0%
No matching quizzes found
Score Distribution
Percent of People with Each Score
Percentile by Number Answered
Your Score History
You have not taken this quiz